000 00371nam a2200145 i 4500
001 bg
100 1 _aBOŻYK, Paweł
245 0 _aMarzenia i rzeczywistość czyli anatomia polskiego kryzysu /
_cP. Bożyk.
260 _aWarszawa,
_c1983.
040 _cBPK
041 _apol
080 _a338.2:323(438)"19"
942 _cKS
008 s pl f |000 0 pol
999 _c21916
_d21916
856 _uhttp://koha.tu.koszalin.pl/cgi-bin/koha/opac-detail.pl?biblionumber=21916
_yKatalog online BPK